[Event "9. Lovsprings EMT Basis 3 1997"]
[Site "Ringsted"]
[Date "1997.04.18"]
[Round "5"]
[White "Reinager, Gunnar"]
[Black "Majlinder, Hans"]
[Result "1-0"]
[WhiteElo "1321"]
[BlackElo "1515"]
[PlyCount "31"]
[EventDate "1997.??.??"]

1. e4 e5 2. Nf3 Nc6 3. Bc4 Be7 4. d3 Nf6 5. Nc3 d6 6. Ne2 b6 7. Ng3 g6 8. Ng5
d5 9. exd5 Nxd5 10. Nxf7 Bb4+ 11. Bd2 Bxd2+ 12. Kxd2 Qf6 13. Bxd5 Qxf2+ 14. Qe2
Qf4+ 15. Qe3 Qb4+ 16. Kc1 1-0

[Event "9. Lovsprings EMT Basis 3 1997"]
[Site "Ringsted"]
[Date "1997.05.02"]
[Round "6"]
[White "Jensen, Agner2"]
[Black "Nielsen, Bjarne"]
[Result "0-1"]
[WhiteElo "1364"]
[BlackElo "1502"]
[PlyCount "48"]
[EventDate "1997.??.??"]

1. e4 c5 2. c4 Nc6 3. Nf3 g6 4. Nc3 Bg7 5. d3 d6 6. Be2 Nf6 7. O-O O-O 8. Be3
Ng4 9. Rc1 Nxe3 10. fxe3 Be6 11. a3 a6 12. Rc2 Bh6 13. Qd2 Na5 14. Bd1 Nc6 15.
Qf2 Rb8 16. Kh1 b5 17. Qh4 Kg7 18. Ng5 Bxg5 19. Qxg5 bxc4 20. dxc4 Bxc4 21.
Rff2 Ne5 22. Na4 Be6 23. Nxc5 dxc5 24. Qxe5+ f6 0-1

[Event "9. Lovsprings EMT Basis 3 1997"]
[Site "Ringsted"]
[Date "1997.05.02"]
[Round "6"]
[White "Kroyer, Stefan M"]
[Black "Sparre, Otto"]
[Result "1-0"]
[WhiteElo "1520"]
[BlackElo "1396"]
[PlyCount "131"]
[EventDate "1997.??.??"]

1. d4 d5 2. c4 e6 3. Nc3 Nf6 4. Bg5 Be7 5. Nf3 O-O 6. e3 Nc6 7. a3 b6 8. Qc2
Nd7 9. Bf4 dxc4 10. Bxc4 a6 11. Ne2 Nf6 12. Bxa6 Bxa6 13. Qxc6 Nd5 14. Bg3 Bd6
15. Bxd6 Qxd6 16. Qc1 b5 17. O-O b4 18. Re1 b3 19. Nc3 Nf6 20. Qd1 Rab8 21. Nd2
Rb7 22. Nde4 Qc6 23. Nxf6+ gxf6 24. Qg4+ Kh8 25. Qe4 Qd6 26. Na4 Rbb8 27. Nc5
Bc4 28. Qh4 Qe7 29. Ne4 Rg8 30. Qxf6+ Qxf6 31. Nxf6 Rg6 32. Nd7 Rbg8 33. g3 Bd3
34. Ne5 Bc2 35. Nxg6+ Rxg6 36. Rac1 Rg5 37. Re2 e5 38. dxe5 Rxe5 39. Rexc2 bxc2
40. Rxc2 c5 41. Rc4 Kg7 42. Kg2 Kf6 43. Kf3 Rd5 44. h4 Ke6 45. e4 Rd2 46. Rxc5
Rxb2 47. Ra5 f6 48. a4 Rb4 49. Kf4 f5 50. Rxf5 Rxa4 51. Rh5 Ra7 52. f3 Kf6 53.
g4 Kg6 54. Rg5+ Kf6 55. h5 Ke6 56. Kg3 Kf6 57. Rf5+ Ke6 58. g5 Rg7 59. Kg4 Ke7
60. f4 Ke6 61. Rf6+ Kd7 62. e5 Ke7 63. g6 h6 64. Rf7+ Rxf7 65. gxf7 Kxf7 66.
Kf5 1-0

[Event "9. Lovsprings EMT Basis 3 1997"]
[Site "Ringsted"]
[Date "1997.05.02"]
[Round "6"]
[White "Mortensen, Orla Lind"]
[Black "Majlinder, Hans"]
[Result "1/2-1/2"]
[WhiteElo "1314"]
[BlackElo "1515"]
[PlyCount "120"]
[EventDate "1997.??.??"]

1. e4 d5 2. exd5 Qxd5 3. Nc3 Qa5 4. d4 Nf6 5. Bd2 c6 6. Nf3 Bg4 7. Be2 Qc7 8.
h3 Bh5 9. Qc1 e6 10. Bf4 Bd6 11. Bxd6 Qxd6 12. Qe3 Nbd7 13. O-O-O Nd5 14. Nxd5
Qxd5 15. Kb1 Nb6 16. Ne5 Bg6 17. Nxg6 hxg6 18. Bf3 Qd6 19. Rhe1 O-O-O 20. Qc3
Na4 21. Qa5 Nb6 22. Qc3 Nd5 23. Bxd5 Qxd5 24. Qg3 Rh5 25. f4 Qd6 26. Re5 Rxe5
27. fxe5 Qd5 28. Qf3 Qxf3 29. gxf3 Rh8 30. Rh1 Rh4 31. c3 f6 32. Rg1 g5 33. Rg3
Kd7 34. Kc2 Ke7 35. Kd2 Kf7 36. Ke2 f5 37. Rxg5 Rxh3 38. Rg2 Rh1 39. Ke3 Rh5
40. Kf4 Rh4+ 41. Ke3 g6 42. Kf2 Rh5 43. f4 Rh4 44. Kg3 Rg4+ 45. Kf3 Rxg2 46.
Kxg2 g5 47. fxg5 Kg6 48. Kf3 Kxg5 49. c4 Kg6 50. Kf4 Kf7 51. a4 a5 52. Kg5 Ke7
53. d5 cxd5 54. cxd5 exd5 55. Kxf5 b6 56. b3 Kd7 57. e6+ Ke7 58. Ke5 d4 59.
Kxd4 Kxe6 60. Kc4 Kd6 1/2-1/2

[Event "9. Lovsprings EMT Basis 3 1997"]
[Site "Ringsted"]
[Date "1997.05.02"]
[Round "6"]
[White "Nilsson, Jonas Gosta"]
[Black "Hansen, John Brangstrup"]
[Result "1/2-1/2"]
[WhiteElo "1392"]
[BlackElo "1333"]
[PlyCount "86"]
[EventDate "1997.??.??"]

1. d4 Nf6 2. c4 g6 3. Nc3 Bg7 4. e4 d6 5. f3 O-O 6. Be3 e5 7. d5 a5 8. Qd2 Na6
9. Bh6 Ne8 10. Bd3 Qh4+ 11. g3 Qxh6 12. Nge2 Qxd2+ 13. Kxd2 Nc5 14. Bc2 f5 15.
Raf1 Bd7 16. h4 Nf6 17. exf5 gxf5 18. b3 Rae8 19. Rfg1 h5 20. a3 b6 21. Ra1 Ra8
22. b4 axb4 23. axb4 Bh6+ 24. f4 Nb7 25. Rhg1 e4 26. Nd4 c5 27. bxc5 bxc5 28.
Ndb5 Ng4 29. Nc7 Rac8 30. N3b5 Ne5 31. Ke2 Bxb5 32. Nxb5 Nxc4 33. Ra7 Rb8 34.
Rga1 Nb6 35. R1a6 Nc8 36. Ra8 Rxa8 37. Rxa8 Rd8 38. Rb8 Na5 39. Na7 Bf8 40.
Rxc8 Rxc8 41. Nxc8 Kf7 42. Ba4 Nc4 43. Bd7 Kg6 1/2-1/2

[Event "9. Lovsprings EMT Basis 3 1997"]
[Site "Ringsted"]
[Date "1997.05.02"]
[Round "6"]
[White "Petersen, Torben William"]
[Black "Olsen, Brian"]
[Result "1-0"]
[WhiteElo "1330"]
[BlackElo "1514"]
[PlyCount "73"]
[EventDate "1997.??.??"]

1. d4 Nf6 2. c4 e6 3. Nc3 b6 4. e4 d6 5. Bg5 Be7 6. g3 Bb7 7. Bg2 Nbd7 8. Nge2
O-O 9. O-O e5 10. d5 Ng4 11. Bxe7 Qxe7 12. Nc1 Nh6 13. Nd3 a6 14. f4 exf4 15.
Nxf4 Ne5 16. b3 Nhg4 17. Qd2 Qg5 18. Bh3 Bc8 19. Qe2 Qh6 20. Nd1 g5 21. Bxg4
Bxg4 22. Qg2 gxf4 23. gxf4 Kh8 24. Qb2 Rg8 25. Kh1 Bf3+ 26. Rxf3 Qg6 27. Ne3
Qxe4 28. Raf1 Rg6 29. fxe5 dxe5 30. Ng2 Rag8 31. Rg3 Rxg3 32. hxg3 Rxg3 33.
Rxf7 Kg8 34. Rf1 Rg5 35. Qf2 h5 36. Qf8+ Kh7 37. Rf7+ 1-0

[Event "9. Lovsprings EMT Basis 3 1997"]
[Site "Ringsted"]
[Date "1997.05.02"]
[Round "6"]
[White "Reinager, Gunnar"]
[Black "Jensen, Finn Anker"]
[Result "1/2-1/2"]
[WhiteElo "1321"]
[BlackElo "1294"]
[PlyCount "104"]
[EventDate "1997.??.??"]

1. e4 Nf6 2. Nc3 d5 3. exd5 Nxd5 4. Qf3 e6 5. d4 Bb4 6. Bd2 Nc6 7. Bb5 Bd7 8.
Nge2 Nxc3 9. Bxc3 a6 10. Bc4 b5 11. Bb3 Qe7 12. O-O Bxc3 13. bxc3 O-O 14. Rfe1
Qa3 15. Qf4 Qd6 16. Qd2 Na5 17. Ng3 c5 18. Ne4 Nxb3 19. cxb3 Qc6 20. Nxc5 Rfe8
21. Re3 a5 22. Rae1 Rad8 23. a3 Bc8 24. Qb2 Rd5 25. Nd3 Bb7 26. f4 Rc8 27. Ne5
Qc7 28. Nf3 Qxf4 29. c4 Rd7 30. d5 bxc4 31. dxe6 Rd3 32. exf7+ Qxf7 33. Rxd3
cxd3 34. Nd4 Qd5 35. Ne6 Qxg2+ 36. Qxg2 Bxg2 37. Kxg2 Re8 38. Kf2 d2 39. Rd1
Rxe6 40. Rxd2 g5 41. b4 axb4 42. axb4 Rb6 43. Rd4 Kf7 44. Kf3 h5 45. Rc4 Ke6
46. h3 Kf6 47. Rd4 Rc6 48. b5 Rc3+ 49. Kg2 Rb3 50. Rd5 h4 51. Rc5 Rb2+ 52. Kf3
Rb4 1/2-1/2

[Event "9. Lovsprings EMT Basis 3 1997"]
[Site "Ringsted"]
[Date "1997.05.16"]
[Round "7"]
[White "Hansen, John Brangstrup"]
[Black "Kroyer, Stefan M"]
[Result "1/2-1/2"]
[WhiteElo "1333"]
[BlackElo "1520"]
[PlyCount "80"]
[EventDate "1997.??.??"]

1. d4 d5 2. c4 c6 3. Nc3 Nf6 4. Bg5 e6 5. Nf3 Nbd7 6. e4 dxe4 7. Nxe4 Bb4+ 8.
Ned2 O-O 9. Bd3 h6 10. h4 Be7 11. Qe2 c5 12. Ne4 cxd4 13. Nxd4 Ne5 14. O-O-O
Nxd3+ 15. Rxd3 Nh7 16. Nxe6 Bxg5+ 17. hxg5 Qe7 18. Nxf8 Nxg5 19. Re3 Kxf8 20.
Nxg5 Qxg5 21. f4 Qd8 22. Rd1 Bd7 23. Red3 Qe8 24. Qxe8+ Bxe8 25. Rd8 Rxd8 26.
Rxd8 Ke7 27. Rd4 Bc6 28. g3 Ke6 29. Kd2 g5 30. fxg5 hxg5 31. b4 a6 32. Kc3 f5
33. a3 Ke5 34. Kd3 f4 35. gxf4+ gxf4 36. Kc3 f3 37. Rd1 Kf4 38. Kd2 f2 39. Rf1
Kf3 40. Kd3 Bd7 1/2-1/2

[Event "9. Lovsprings EMT Basis 3 1997"]
[Site "Ringsted"]
[Date "1997.05.16"]
[Round "7"]
[White "Jensen, Agner2"]
[Black "Nielsen, Poul Erik2"]
[Result "1/2-1/2"]
[WhiteElo "1364"]
[BlackElo "1360"]
[PlyCount "66"]
[EventDate "1997.??.??"]

1. e4 c5 2. Nf3 d6 3. Be2 Nc6 4. O-O Nf6 5. d3 g6 6. Nc3 Bg7 7. a3 a6 8. Be3 b5
9. Rc1 Bd7 10. Ne1 O-O 11. f4 Re8 12. f5 e6 13. fxg6 fxg6 14. Kh1 Qc8 15. Bg5
Rf8 16. Bf3 Nd4 17. e5 Nxf3 18. Nxf3 dxe5 19. Nxe5 Nd5 20. Rxf8+ Bxf8 21. Qf3
Be8 22. Nxd5 exd5 23. Qxd5+ Kh8 24. Nf7+ Bxf7 25. Qxf7 Bg7 26. c3 Qc6 27. Re1
Rf8 28. Qe7 h6 29. Bh4 Qd5 30. Bg3 Qxd3 31. Qxc5 Rf1+ 32. Rxf1 Qxf1+ 33. Qg1
Qe2 1/2-1/2

[Event "9. Lovsprings EMT Basis 3 1997"]
[Site "Ringsted"]
[Date "1997.05.16"]
[Round "7"]
[White "Majlinder, Hans"]
[Black "Nilsson, Jonas Gosta"]
[Result "0-1"]
[WhiteElo "1515"]
[BlackElo "1392"]
[PlyCount "82"]
[EventDate "1997.??.??"]

1. e4 c5 2. b3 b6 3. Bb2 Bb7 4. d3 Nc6 5. Nf3 e6 6. Be2 Nf6 7. Nbd2 Be7 8. Nc4
O-O 9. O-O d5 10. exd5 exd5 11. Nce5 Nxe5 12. Nxe5 Bd6 13. Bf3 Qc7 14. d4 Rfe8
15. Re1 Re7 16. h3 Rae8 17. Nd3 c4 18. Rxe7 Rxe7 19. Ne5 c3 20. Bc1 Bxe5 21.
dxe5 Qxe5 22. Ba3 Rd7 23. Qd3 d4 24. Rd1 Bxf3 25. Qxf3 Qe4 26. Qg3 h6 27. Rc1
Nd5 28. Qb8+ Kh7 29. Qg3 Nf4 30. Qg4 Ne2+ 31. Kf1 Qxg4 32. hxg4 Nxc1 33. Bxc1
d3 34. cxd3 Rxd3 35. Ke2 Rd7 36. Be3 c2 37. Bd2 Kg6 38. f4 Kf6 39. Bc3+ Ke6 40.
Bd2 g5 41. g3 f5 0-1

[Event "9. Lovsprings EMT Basis 3 1997"]
[Site "Ringsted"]
[Date "1997.05.16"]
[Round "7"]
[White "Nielsen, Bjarne"]
[Black "Olsen, Brian"]
[Result "1/2-1/2"]
[WhiteElo "1502"]
[BlackElo "1514"]
[PlyCount "78"]
[EventDate "1997.??.??"]

1. d4 Nf6 2. c4 e6 3. Nc3 Bb4 4. a3 Bxc3+ 5. bxc3 Nc6 6. f3 Nh5 7. Be3 Qf6 8.
Bf2 O-O 9. e3 g6 10. Ne2 d6 11. Ng3 Nxg3 12. Bxg3 e5 13. d5 Ne7 14. e4 Qg5 15.
Rc1 f5 16. Qd2 f4 17. Bf2 Kh8 18. c5 Qh5 19. c4 b6 20. cxd6 cxd6 21. a4 g5 22.
a5 g4 23. fxg4 Bxg4 24. axb6 axb6 25. Bxb6 f3 26. g3 f2+ 27. Bxf2 Bf3 28. Rg1
Bxe4 29. h4 Rf6 30. g4 Qf7 31. Bg2 Rf8 32. Bg3 Bxg2 33. Qxg2 Ng6 34. Ke2 Qa7
35. Qe4 Rf2+ 36. Kd1 Qa4+ 37. Rc2 Qa1+ 38. Rc1 Qa4+ 39. Rc2 Qa1+ 1/2-1/2

[Event "9. Lovsprings EMT Basis 3 1997"]
[Site "Ringsted"]
[Date "1997.05.16"]
[Round "7"]
[White "Sparre, Otto"]
[Black "Petersen, Torben William"]
[Result "1-0"]
[WhiteElo "1396"]
[BlackElo "1330"]
[PlyCount "43"]
[EventDate "1997.??.??"]

1. e4 Nc6 2. Nf3 e5 3. Bb5 Bc5 4. O-O d6 5. d4 exd4 6. b4 Bxb4 7. Qxd4 Qf6 8.
e5 dxe5 9. Nxe5 Bf8 10. Re1 Nge7 11. Ba3 Rb8 12. Qb4 Bd7 13. Nxc6 bxc6 14. Nc3
Rxb5 15. Nxb5 cxb5 16. Qc5 Qb6 17. Rxe7+ Kd8 18. Rd1 Qxc5 19. Rexd7+ Kc8 20.
Rd8+ Kb7 21. Bxc5 Kc6 22. Bxf8 1-0